[Event "Berlin Lichtenrade op 15th"]
[Site "Berlin"]
[Date "2019.10.19"]
[Round "8"]
[White "Petersen, Marcel"]
[Black "Verbitzky, Jaroslaw"]
[Result "1-0"]
[WhiteElo "1818"]
[BlackElo "1853"]
[PlyCount "61"]
[EventDate "2019.10.12"]
[EventType "swiss"]
[EventRounds "9"]
[EventCountry "GER"]
[SourceTitle "CBM 195 Extra"]
[Source "ChessBase"]
[SourceDate "2020.05.31"]
[SourceVersion "1"]
[SourceVersionDate "2020.05.31"]
[SourceQuality "1"]

1. e4 c6 2. d4 d5 3. exd5 cxd5 4. c4 Nf6 5. Nc3 Nc6 6. Bf4 Bg4 7. f3 Bf5 8. g4 Be6 9. c5 g6 10. Bb5 Bg7 11. Nge2 0-0 12. a3 Ne8 13. b4 Nc7 14. Bxc6 bxc6 15. Qd2 f5 16. g5 Bf7 17. Bxc7 Qxc7 18. f4 Rfb8 19. 0-0 a5 20. Na4 axb4 21. axb4 Rb7 22. Ra2 Rba7 23. Rfa1 Qb7 24. Nb6 Rxa2 25. Rxa2 Ra6 26. Ra5 Rxa5 27. bxa5 Qa6 28. Kf2 Be6 29. Ke3 Bc8 30. Nxc8 Qxc8 31. Qd3 1-0

[Event "Berlin Lichtenrade op 15th"]
[Site "Berlin"]
[Date "2019.10.14"]
[Round "3"]
[White "Federau, Juergen"]
[Black "Verbitzky, Jaroslaw"]
[Result "1-0"]
[WhiteElo "2083"]
[BlackElo "1853"]
[PlyCount "39"]
[EventDate "2019.10.12"]
[EventType "swiss"]
[EventRounds "9"]
[EventCountry "GER"]
[SourceTitle "CBM 195 Extra"]
[Source "ChessBase"]
[SourceDate "2020.05.31"]
[SourceVersion "1"]
[SourceVersionDate "2020.05.31"]
[SourceQuality "1"]

1. d4 d5 2. c4 c6 3. Nf3 Nf6 4. e3 e6 5. Nbd2 Nbd7 6. Bd3 Bd6 7. 0-0 0-0 8. e4 dxe4 9. Nxe4 Nxe4 10. Bxe4 Nf6 11. Bc2 c5 12. Bg5 cxd4 13. Qxd4 Be7 14. Qh4 g6 15. Rfd1 Bd7 16. Ne5 Re8 17. Ba4 Nh5 18. Bxe7 Rxe7 19. Qd4 Qc7 20. Nxd7 1-0

[Event "Berlin Lichtenberger op 18th"]
[Site "Berlin"]
[Date "2019.08.25"]
[Round "9"]
[White "Verbitzky, Jaroslaw"]
[Black "Francois, Yannick"]
[Result "1-0"]
[WhiteElo "1917"]
[BlackElo "1745"]
[PlyCount "161"]
[EventDate "2019.08.17"]
[EventType "swiss"]
[EventRounds "9"]
[EventCountry "GER"]
[SourceTitle "EXT 2020"]
[Source "ChessBase"]
[SourceDate "2019.10.17"]
[SourceVersion "1"]
[SourceVersionDate "2019.10.17"]
[SourceQuality "1"]

1. e4 c5 2. Nf3 Nc6 3. d4 cxd4 4. Nxd4 Nf6 5. Nc3 e5 6. Ndb5 d6 7. Bg5 a6 8. Na3 b5 9. Nd5 Be7 10. Bxf6 Bxf6 11. c4 b4 12. Qa4 Bd7 13. Nxb4 Nd4 14. Qd1 Bg5 15. Nbc2 Ba4 16. Bd3 Qa5+ 17. Kf1 Bxc2 18. Nxc2 Nxc2 19. Qxc2 0-0 20. a3 Rab8 21. Ke2 Rfc8 22. b4 Qb6 23. Qc3 g6 24. Rhb1 Qa7 25. a4 Bd8 26. a5 Bf6 27. Qd2 Qd4 28. Qe3 Qc3 29. Qd2 Qd4 30. Ra3 Qa7 31. b5 Be7 32. Ra2 Rc5 33. b6 Qb7 34. Kf1 Rf8 35. g4 Kg7 36. f3 h6 37. Qe3 Bg5 38. Qf2 Be7 39. Rd1 Rfc8 40. Kg2 g5 41. Qe1 f6 42. Qb4 Kf7 43. Rh1 Kg7 44. Kg3 Rh8 45. Qc3 Kf7 46. h3 Kg6 47. Rah2 Kg7 48. Qd2 Qb8 49. Kg2 Qb7 50. h4 Qb8 51. hxg5 fxg5 52. Kg3 Kg6 53. Qb4 Qb7 54. Bc2 Bf6 55. Ba4 Bg7 56. Rd2 Bf8 57. Rhd1 Qb8 58. Bd7 Be7 59. b7 Qc7 60. Bc8 Rxc8 61. bxc8Q Qxc8 62. Rc2 Kf7 63. Rb1 Bd8 64. Qb7+ Qxb7 65. Rxb7+ Kf6 66. Rh7 Kg6 67. Rd7 Bc7 68. Rb2 Rc6 69. Rb7 Bxa5 70. Rg7+ Kf6 71. Rbf7+ Ke6 72. Rf5 Bd2 73. Rg6+ Ke7 74. Rxh6 Rxc4 75. Rh7+ Ke6 76. Kf2 a5 77. Ra7 Rc5 78. Rff7 d5 79. Rae7+ Kd6 80. exd5 Rxd5 81. Rd7+ 1-0

[Event "Berlin Lichtenberger op 18th"]
[Site "Berlin"]
[Date "2019.08.23"]
[Round "7"]
[White "Verbitzky, Jaroslaw"]
[Black "Kohlmeyer, Dagobert"]
[Result "0-1"]
[WhiteElo "1917"]
[BlackElo "1776"]
[PlyCount "120"]
[EventDate "2019.08.17"]
[EventType "swiss"]
[EventRounds "9"]
[EventCountry "GER"]
[SourceTitle "EXT 2020"]
[Source "ChessBase"]
[SourceDate "2019.10.17"]
[SourceVersion "1"]
[SourceVersionDate "2019.10.17"]
[SourceQuality "1"]

1. e4 e6 2. d4 d5 3. Nd2 c5 4. Ngf3 Nc6 5. exd5 exd5 6. Bb5 Bd6 7. dxc5 Bxc5 8. 0-0 Nge7 9. Nb3 Bb6 10. c3 0-0 11. Re1 a6 12. Bd3 Bf5 13. Be3 Bxe3 14. Rxe3 g6 15. Nfd4 Nxd4 16. Nxd4 Bxd3 17. Qxd3 Qd7 18. Rd1 Rad8 19. Qd2 Nf5 20. Rd3 Nxd4 21. Rxd4 Rfe8 22. c4 Qe7 23. g3 Qe2 24. cxd5 Qxd2 25. R1xd2 Rd6 26. Rc4 Red8 27. Rc7 b6 28. Rb7 Kg7 29. f4 h5 30. Kf2 b5 31. Ke3 Rxd5 32. Rxd5 Rxd5 33. Rb6 a5 34. Ke4 Rc5 35. a3 a4 36. Kd4 Rf5 37. Rc6 h4 38. Rc5 hxg3 39. hxg3 Rh5 40. g4 Rh4 41. Rxb5 Rxg4 42. Ke3 Rg2 43. Rb4 Rg3+ 44. Kd2 Rg4 45. Rxa4 g5 46. Rb4 gxf4 47. a4 Kf6 48. a5 Ke5 49. a6 Rg2+ 50. Ke1 Rg1+ 51. Kf2 Ra1 52. Rb6 Kd5 53. b4 Ke4 54. Rd6 Ra2+ 55. Ke1 Ke3 56. b5 f3 57. Rd1 Rh2 58. Rd3+ Kxd3 59. a7 Ke3 60. Kd1 f2 0-1

[Event "Berlin Lichtenberger op 18th"]
[Site "Berlin"]
[Date "2019.08.18"]
[Round "2"]
[White "Kohler, Thomas"]
[Black "Verbitzky, Jaroslaw"]
[Result "1-0"]
[WhiteElo "2178"]
[BlackElo "1917"]
[PlyCount "49"]
[EventDate "2019.08.17"]
[EventType "swiss"]
[EventRounds "9"]
[EventCountry "GER"]
[SourceTitle "EXT 2020"]
[Source "ChessBase"]
[SourceDate "2019.10.17"]
[SourceVersion "1"]
[SourceVersionDate "2019.10.17"]
[SourceQuality "1"]

1. g3 g6 2. Bg2 c5 3. c4 Nc6 4. Nc3 Bg7 5. e3 e6 6. Nge2 Nge7 7. d4 cxd4 8. Nxd4 Nxd4 9. exd4 d5 10. cxd5 Nxd5 11. Nxd5 exd5 12. Qa4+ Qd7 13. Qxd7+ Bxd7 14. Bxd5 Bxd4 15. 0-0 Bc6 16. Bxc6+ bxc6 17. Re1+ Kf8 18. Re4 Rd8 19. Bh6+ Bg7 20. Bg5 Re8 21. Rc4 Bxb2 22. Rb1 h6 23. Be3 Be5 24. Rxc6 Ra8 25. f4 1-0

[Event "Stuttgart-chA int"]
[Site "Ditzingen"]
[Date "2018.05.11"]
[Round "3"]
[White "Gheng, Simona"]
[Black "Verbitzky, Jaroslaw"]
[Result "1-0"]
[WhiteElo "1974"]
[BlackElo "1765"]
[PlyCount "95"]
[EventDate "2018.05.10"]
[EventType "swiss"]
[EventRounds "7"]
[EventCountry "GER"]
[SourceTitle "EXT 2020"]
[Source "ChessBase"]
[SourceDate "2019.10.17"]
[SourceVersion "1"]
[SourceVersionDate "2019.10.17"]
[SourceQuality "1"]

1. e4 c6 2. d4 d5 3. exd5 cxd5 4. Nf3 Nc6 5. c3 Nf6 6. Bd3 Bg4 7. Nbd2 e6 8. Qa4 Nd7 9. Ne5 Ndxe5 10. dxe5 Bh5 11. Bb5 Qc7 12. 0-0 a6 13. Bxc6+ Qxc6 14. Qh4 Bg6 15. Nb3 Be7 16. Bg5 Bxg5 17. Qxg5 Qb5 18. Qd2 Qd3 19. Rfd1 Qxd2 20. Rxd2 Rc8 21. Nd4 Ke7 22. f4 Be4 23. Ne2 Rhd8 24. Rad1 f5 25. Kf2 Rc4 26. Rd4 Rdc8 27. g3 R4c7 28. Ke3 Bc2 29. R1d2 Bb1 30. b3 Be4 31. Rb4 Bg2 32. Kf2 Bh3 33. Rb6 Kf7 34. Nd4 Re8 35. c4 dxc4 36. bxc4 Ree7 37. Rc2 Bg4 38. Rc1 Bh5 39. c5 Red7 40. Ke3 Rxd4 41. Kxd4 Bf3 42. a4 Bg2 43. Rcb1 Ke7 44. Rd6 Rd7 45. Rbb6 Bd5 46. Rxd7+ Kxd7 47. Rd6+ Ke7 48. Rxd5 1-0

[Event "Stuttgart-chA int"]
[Site "Ditzingen"]
[Date "2018.05.11"]
[Round "4"]
[White "Verbitzky, Jaroslaw"]
[Black "Lohvinov, Petro"]
[Result "1/2-1/2"]
[WhiteElo "1765"]
[BlackElo "1879"]
[PlyCount "85"]
[EventDate "2018.05.10"]
[EventType "swiss"]
[EventRounds "7"]
[EventCountry "GER"]
[SourceTitle "EXT 2020"]
[Source "ChessBase"]
[SourceDate "2019.10.17"]
[SourceVersion "1"]
[SourceVersionDate "2019.10.17"]
[SourceQuality "1"]

1. e4 c5 2. Nf3 e6 3. c4 a6 4. Nc3 Nc6 5. d4 cxd4 6. Nxd4 Nf6 7. Be3 Qc7 8. Nxc6 dxc6 9. Qd4 Be7 10. Qb6 Qxb6 11. Bxb6 Nd7 12. Bc7 e5 13. Rd1 0-0 14. Be2 Bc5 15. 0-0 Bd4 16. Bd6 Re8 17. Bf3 Re6 18. c5 Rg6 19. Ne2 Bxb2 20. Rd3 b5 21. Rb1 Bd4 22. Nxd4 exd4 23. e5 Bb7 24. Rxd4 Nf8 25. Be4 Re6 26. f4 Ree8 27. g3 Ne6 28. Rd3 Rad8 29. Re1 g6 30. Kf2 Kg7 31. Red1 Kg8 32. Bf3 Rd7 33. Rb3 Red8 34. Ke1 Kg7 35. a4 Ra8 36. Rbd3 Kg8 37. Ke2 Rad8 38. Be7 Rxd3 39. Rxd3 Rxd3 40. Kxd3 Nc7 41. axb5 axb5 42. Kd4 Kg7 43. Bd6 1/2-1/2

[Event "Berlin Lichtenberger op 15th"]
[Site "Berlin"]
[Date "2016.08.19"]
[Round "7"]
[White "Grassi, Fabrizio"]
[Black "Verbitzky, Jaroslaw"]
[Result "1-0"]
[WhiteElo "1839"]
[BlackElo "1551"]
[PlyCount "101"]
[EventDate "2016.08.13"]
[EventType "swiss"]
[EventRounds "9"]
[EventCountry "GER"]
[SourceTitle "CBM 173 Extra"]
[Source "ChessBase"]
[SourceDate "2016.08.29"]
[SourceVersion "1"]
[SourceVersionDate "2016.08.29"]
[SourceQuality "1"]

1. d4 c6 2. Bf4 d5 3. e3 Bf5 4. c4 dxc4 5. Bxc4 e6 6. Nc3 Nd7 7. Nf3 Ngf6 8. 0-0 Nb6 9. Bb3 Bd6 10. Ne5 Qc7 11. Rc1 a6 12. Qe2 Nfd7 13. Nxd7 Nxd7 14. Bxd6 Qxd6 15. e4 Bg6 16. d5 Nc5 17. e5 Qd7 18. dxe6 Nxe6 19. Rcd1 Qe7 20. f4 c5 21. Nd5 Qh4 22. Qf2 Qxf2+ 23. Rxf2 Be4 24. f5 Bxd5 25. Bxd5 Nd8 26. Rc2 Rc8 27. Rdc1 g6 28. f6 Kd7 29. Rxc5 Rxc5 30. Rxc5 Ne6 31. Bxe6+ Kxe6 32. Rc7 Rb8 33. Re7+ Kd5 34. e6 fxe6 35. f7 Rf8 36. Rxb7 Kc6 37. Ra7 Kb6 38. Re7 Kb5 39. Kf2 Kc4 40. Ke3 Kd5 41. Kf4 h6 42. b3 e5+ 43. Ke3 Kd6 44. Ra7 Ke6 45. Ke4 Rc8 46. a3 Kf6 47. Rxa6+ Kxf7 48. Kxe5 Rc5+ 49. Kf4 Rb5 50. b4 h5 51. h4 1-0

[Event "Berlin Lichtenberger op 15th"]
[Site "Berlin"]
[Date "2016.08.18"]
[Round "6"]
[White "Verbitzky, Jaroslaw"]
[Black "Stiemerling, Andreas"]
[Result "1-0"]
[WhiteElo "1551"]
[BlackElo "1752"]
[PlyCount "69"]
[EventDate "2016.08.13"]
[EventType "swiss"]
[EventRounds "9"]
[EventCountry "GER"]
[SourceTitle "CBM 173 Extra"]
[Source "ChessBase"]
[SourceDate "2016.08.29"]
[SourceVersion "1"]
[SourceVersionDate "2016.08.29"]
[SourceQuality "1"]

1. e4 e6 2. d4 d5 3. Nd2 c5 4. exd5 exd5 5. Ndf3 Nc6 6. Bb5 Qa5+ 7. Qd2 Qxb5 8. Ne2 Nf6 9. 0-0 Be7 10. Nc3 Qa5 11. dxc5 Bxc5 12. Qg5 Rg8 13. Bd2 Qd8 14. Rfe1+ Be6 15. Qh4 h6 16. h3 a6 17. g4 Ne4 18. Qxd8+ Rxd8 19. Nxe4 dxe4 20. Rxe4 Rd5 21. c4 Rd3 22. Kg2 Kd7 23. b4 Bd4 24. Rae1 b5 25. cxb5 axb5 26. a4 Rb8 27. Bf4 Rb7 28. a5 Kc8 29. Rc1 Bd5 30. Nxd4 Bxe4+ 31. f3 Bxf3+ 32. Nxf3 Kd7 33. Rxc6 Rxf3 34. Rd6+ Ke7 35. Kxf3 1-0

[Event "Berlin Lichtenberger op 15th"]
[Site "Berlin"]
[Date "2016.08.13"]
[Round "1"]
[White "Badestein, Hartmut"]
[Black "Verbitzky, Jaroslaw"]
[Result "1-0"]
[WhiteElo "2060"]
[BlackElo "1551"]
[PlyCount "169"]
[EventDate "2016.08.13"]
[EventType "swiss"]
[EventRounds "9"]
[EventCountry "GER"]
[SourceTitle "CBM 173 Extra"]
[Source "ChessBase"]
[SourceDate "2016.08.29"]
[SourceVersion "1"]
[SourceVersionDate "2016.08.29"]
[SourceQuality "1"]

1. e4 c6 2. d4 d5 3. exd5 cxd5 4. Bd3 Nf6 5. Nf3 Bg4 6. Nbd2 e6 7. 0-0 Bd6 8. c3 Qc7 9. h3 Bh5 10. Re1 0-0 11. g4 Bg6 12. Bxg6 hxg6 13. Ne5 Nc6 14. Qe2 Nd7 15. Ndf3 Nf6 16. Ng5 Bxe5 17. dxe5 Nd7 18. Bf4 Rfe8 19. Qe3 Qb6 20. Qd2 Ndxe5 21. Bxe5 Nxe5 22. Rxe5 f6 23. Rxe6 Rxe6 24. Nxe6 Qxe6 25. Re1 Qd7 26. Qd4 b5 27. Rd1 Rd8 28. b3 Kf7 29. c4 bxc4 30. bxc4 Qa4 31. Rd2 Rd7 32. Kg2 Qb4 33. cxd5 Qxd4 34. Rxd4 f5 35. g5 Ke7 36. Ra4 Kd6 37. Ra6+ Kxd5 38. Rxg6 Ke5 39. Ra6 Kf4 40. h4 Kg4 41. Ra4+ f4 42. g6 Kxh4 43. Rxf4+ Kg5 44. Rf7 Rd2 45. Rxa7 Kxg6 46. a4 Ra2 47. Kg3 Kf5 48. Rf7+ Ke6 49. Rf4 g5 50. Rb4 Kf6 51. Rb6+ Kg7 52. Rb4 Kf6 53. f3 Ra3 54. Kg4 Ke7 55. Rb7+ Kf6 56. Ra7 Ke6 57. Ra6+ Ke7 58. a5 Kd7 59. Ra7+ Kc6 60. a6 Kb6 61. Rg7 Kxa6 62. Rxg5 Kb6 63. Rd5 Kc6 64. Rd2 Ra1 65. f4 Rg1+ 66. Kh5 Rh1+ 67. Kg6 Rg1+ 68. Kf6 Rf1 69. f5 Rg1 70. Kf7 Rf1 71. f6 Rf3 72. Kg7 Rg3+ 73. Kf8 Kc7 74. f7 Rg1 75. Re2 Kd7 76. Re7+ Kd8 77. Re5 Kd7 78. Re7+ Kd8 79. Re4 Kd7 80. Rd4+ Kc7 81. Ke7 Re1+ 82. Kf6 Rf1+ 83. Ke6 Re1+ 84. Kf5 Ra1 85. f8Q 1-0